Artists That Have Worked with Snoop Dogg - Statistics

General Stats
  • This quiz has been taken 29 times
    4 since last reset
  • The average score is 17 of 147
Answer Stats
Country % Correct
50 Cent
100%
DMX
100%
Eminem
100%
Method Man
100%
Bow Wow
50%
Busta Rhymes
50%
Chris Brown
50%
Drake
50%
Dr Dre
50%
Gucci Mane
50%
Ice Cube
50%
Jadakiss
50%
Jay-Z
50%
Justin Timberlake
50%
Katy Perry
50%
Kendrick Lamar
50%
Lil Kim
50%
Lil Wayne
50%
Lloyd Banks
50%
Ludacris
50%
Mariah Carey
50%
Nas
50%
Nate Dogg
50%
Pharrell Williams
50%
Redman
50%
The Game
50%
T.I.
50%
T-Pain
50%
Tupac Shakur
50%
2 Chainz
0%
ADL
0%
Afroman
0%
Akon
0%
Anderson.Paak
0%
Andrew Dice Clay
0%
Angie Martinez
0%
Anna Wise
0%
Avante
0%
Bebe Rexha
0%
Benny Blanco
0%
Benny the Butcher
0%
Berner
0%
Big Boi
0%
Big Sean
0%
Bilal
0%
BJ the Chicago Kid
0%
Blueface
0%
Bootsy Collins
0%
B-Real
0%
Brotha Lynch Hung
0%
Bruno Mars
0%
BTS
0%
Buddy
0%
Butch Cassidy
0%
Casanova
0%
Charlie Wilson
0%
Charlotte Devaney
0%
Cocoa Sarai
0%
Coolio
0%
Corey Feldman
0%
DaBaby
0%
Dave East
0%
Dave Franco
0%
De La Soul
0%
Dem Jointz
0%
Denaun
0%
Diamond D
0%
DJ Premier
0%
D Smoke
0%
E-40
0%
Eddie Murphy
0%
Fabolous
0%
Faith Evans
0%
Fetty Wap
0%
Freeway
0%
Gorillaz
0%
Heidi Klum
0%
Hit-Boy
0%
Jamie Foxx
0%
Jay Rock
0%
Jelly Roll
0%
Jhene Aiko
0%
Jon Connor
0%
Juicy J
0%
Kanobby
0%
Kid Cudi
0%
Kimbra
0%
Kokane
0%
Krazy
0%
Kurupt
0%
Lil Dicky
0%
Lil Durk
0%
LL Cool J
0%
Lucy Hale
0%
Lupe Fiasco
0%
Masta Killa
0%
Master P
0%
Mike Epps
0%
Miley Cyrus
0%
Moneybag Yo
0%
Mr. Tan
0%
October London
0%
Papoose
0%
Pat Riot
0%
Paul Wall
0%
Prince Royce
0%
Psy
0%
Pusha T
0%
Q-Tip
0%
Quincy Jones
0%
RBX
0%
Rick James
0%
Rick Ross
0%
Robert Glasper
0%
Robyn
0%
Russ
0%
Scar Lip
0%
Shawn Louisiana
0%
Sleepy Brown
0%
Slick Rick
0%
Smitty
0%
Soopafly
0%
Stay Sly
0%
Steve Aoki
0%
Stevie Wonder
0%
Sting
0%
Stresmatic
0%
Suga Free
0%
Swizz Beatz
0%
The Alchemist
0%
The-Dream
0%
The Eastsidaz
0%
The Pussycat Dolls
0%
Too Short
0%
Trinidad James
0%
Twista
0%
Tyrese Gibson
0%
Warren G
0%
WC
0%
Westside Boogie
0%
Willie Nelson
0%
Will Smith
0%
Wiz Khalifa
0%
Wu-Tang Clan
0%
Xzibit
0%
YG
0%
Young Thug
0%
No matching quizzes found
Score Distribution
Percent of People with Each Score
Percentile by Number Answered
Your Score History
You have not taken this quiz since the last reset